000 00658 a2200205 4500
001 48082
005 20260407155746.0
008 260407a1971 arg spa d
003 AR-UNSa-BCEJYS
040 _aAR-UNSa-BCEJYS
_bspa
_cAR-UNSa-BCEJYS
080 _a330.101.542
_xMicroeconomía
245 1 0 _aProblemas de microeconomía
264 1 _aBuenos Aires :
_bAmorrortu Editores
_c1971
300 _a282 p.
_c23 cm.
505 _a1. Producción - 2. Programación lineal - 3. Mercados - 4. Consumo - 5. Asignación de recursos.
942 _cBK
590 _aniveau_biblio:m niveau_hierar:0
100 1 _aPorto, Alberto
700 1 _aDiéguez, Héctor L.
999 _c4529
_d4529